Comuni della Provincia di Campobasso - Statistics

Statistiche generali
  • Questo quiz è stato fatto 23 volte
  • Il punteggio medio è 29 su 84
Statistiche sulle risposte
Comune % Corretto
Campobasso
100%
Termoli
91%
Larino
73%
Montenero di Bisaccia
73%
Bojano
64%
Campomarino
64%
Molise
64%
San Martino in Pensilis
64%
Baranello
45%
Campochiaro
45%
Casacalenda
45%
Guardialfiera
45%
Mafalda
45%
Riccia
45%
Ripalimosani
45%
San Biase
45%
San Felice del Molise
45%
San Giuliano di Puglia
45%
Acquaviva Collecroce
36%
Bonefro
36%
Campodipietra
36%
Campolieto
36%
Castropignano
36%
Cercemaggiore
36%
Cercepiccola
36%
Civitacampomarano
36%
Colle d'Anchise
36%
Duronia
36%
Ferrazzano
36%
Gambatesa
36%
Guardiaregia
36%
Guglionesi
36%
Lucito
36%
Montagano
36%
Oratino
36%
Petacciato
36%
Roccavivara
36%
Salcito
36%
San Giuliano del Sannio
36%
San Polo Matese
36%
Sepino
36%
Trivento
36%
Busso
27%
Castelbottaccio
27%
Castellino del Biferno
27%
Colletorto
27%
Fossalto
27%
Gildone
27%
Jelsi
27%
Limosano
27%
Lupara
27%
Matrice
27%
Mirabello Sannitico
27%
Monacilioni
27%
Montefalcone nel Sannio
27%
Palata
27%
Petrella Tifernina
27%
Pietracupa
27%
Portocannone
27%
Ripabottoni
27%
Rotello
27%
San Giacomo degli Schiavoni
27%
San Massimo
27%
Sant'Angelo Limosano
27%
Sant'Elia a Pianisi
27%
Ururi
27%
Vinchiaturo
27%
Casalciprano
18%
Castelmauro
18%
Montecilfone
18%
Montelongo
18%
Montemitro
18%
Pietracatella
18%
Provvidenti
18%
San Giovanni in Galdo
18%
Spinete
18%
Tavenna
18%
Torella del Sannio
18%
Toro
18%
Tufara
18%
Macchia Valfortore
9%
Montorio nei Frentani
9%
Morrone del Sannio
9%
Santa Croce di Magliano
9%
Nessun quiz corrispondente trovato
Distribuzione punteggi
Percentuale di utenti per punteggio
Percentile per numero di risposta
I tuoi punteggi nel tempo
Non hai fatto questo quiz